00368nam a2200109Ia 4500008004100000245009700041245005700138260000900195300001900204300002100223300001400244160319s9999 xx 000 0 und d aStonyhurst International School First Holy Communion of the Stonyhurst Pupils SY 2006-2007 / cStonyhurst Southville International School Batangas. c2006 a1 videodisc :  bsound, color. ;  c4 3/4 in.